| 000 | 01090nam a22003137a 4500 | ||
|---|---|---|---|
| 003 | CHAP | ||
| 005 | 20220329140810.0 | ||
| 008 | 971013s1981 r 00010 d | ||
| 010 | _a57785 | ||
| 011 | _a58757 | ||
| 035 | _a62913 | ||
| 040 | _cCHAP | ||
| 082 |
_a500 _bS65 |
||
| 245 |
_aSpirit of enterprises _b: the Rolex awards |
||
| 260 |
_aLondon : _bVan Nostrand Reinhold, _c1981 |
||
| 300 |
_av. _b: ilus. |
||
| 500 | _aLa biblioteca tiene: 1981, 1984, 1987, 1993 | ||
| 590 |
_aBATCH-UPD _b10 _c20130110 _lUCH01 _h1632 |
||
| 590 |
_aBATCH-UPD _b10 _c20130410 _lUCH01 _h1024 |
||
| 590 |
_aBATCH-UPD _b10 _c20130914 _lUCH01 _h1653 |
||
| 590 |
_aCONVERSION _b10 _c20130109 _lUCH01 _h1331 |
||
| 650 | 1 | 4 |
_aInvestigación. _960221 |
| 901 | _aBK | ||
| 942 | _cLIBRO | ||
| 949 |
_a500 S65 _bBC _cLIBRO _d33724000110607 _eLIBRO _f1984 _h72734 _i62913 _si |
||
| 949 |
_a500 S65 _bBC _cLIBRO _d33724000110615 _eLIBRO _f1993 _h84425 _i62913 _mD _si |
||
| 949 |
_a500 S65 _bBC _cLIBRO _d33724000443412 _eLIBRO _f1987 _h72735 _i62913 _si |
||
| 949 |
_a500 S65 _bBC _cLIBRO _d33724000443438 _eLIBRO _f1981 _h72733 _i62913 _mD _si |
||
| 999 |
_c57785 _d57785 |
||